S2 scipol clicker - Statistics

General Stats
  • This quiz has been taken 6 times
    4 since last reset
  • The average score is 2 of 114
Answer Stats
Hint Answer % Correct
Les manuels scolaires sont decisifs dans la socialisation politique des jeunes, et donc sources de debats intenses. Etude d'un debat intense entre un modele d'instruction fondée sur l'individualisme republicain ou fondée sur le catholicisme DÉLOYE sur la socialisation politique
100%
Une surrepresentation pour un groupe politique qui est dominant dans une circonscription, a cause d'une conformité a la norme locale et davantage d'opportunités de contact "Effet de contexte" pour les groupes dominants
100%
Critique de MICHELS → le PS est regi par un principe de collegialité BACHELOT
0%
En Espagne, la transmission aux enfants de l'experience du franquisme est d'autant plus fort que la repression subie par la famille auparavant BALCELLS
0%
Importance des experts dans l'identification et le cadrage des problemes publics BARTHE
0%
Les organisations internationales comme ceux que definissent STONE definissent souvent les politiques publiques dans les pays qui dependent de l'aide internationale. BEAUSSIER
0%
Le cas de l'Italie dans les reformes electorales, avec beaucoup de reformes dans les années recentes qui menent a des systemes complexes et parfois contradictoires BEDOCK
0%
Nudges, des petites incitations a se comporter d'une certaine maniere. Ex. Nutri-Score. Se distingue des instruments contraignants (Ex. interdiction de pesticides), instruments de mesure et de classement (Ex. cartographie de la pollution aerienne), et des instruments fiscaux (Ex. marché de carbone) BERGERON
0%
Les elus cherchent a eviter le blâme ou le diriger vers quelqu'un ou quelque chose d'autre. Entraine une multiplication des agences independantes "Blame avoidance" et "blame shifting"
0%
L'abstention comme indicateur fort de la disparité des classes, avec les défavorisés ayant des taux d'abstention beaucoup plus importants BLOCH
0%
Critique de SIEGFRIED avec une etude de la Sarthe qui releve un clivage basé dans l'histoire et non pas la geographie BOIS
0%
Les quartiers populaires risquent de se deconnecter de la politique, avec des taux d'abstention hauts BRACONNIER & DORMAGEN
0%
Modele sociopsychologique de Michigan CAMPBELL, MILLER, & STOKES
0%
Reprenant la theorie des clivages de ROKKAN (des divisions sociatales qui opposent des groupes avec des interets divergents et donc conduisent au conflit politique), demontre l'importance des partis dans la cristallisation des clivages sociaux CARMANI
0%
Etude de la socialisation des chinois pendant la Revolution culturelle (1966–76), qui montre une generation pas homogene et representant un cas d'endoctrinement et de resocialisation massive (17m jeunes) CHAN
0%
7% des Tunisiens ayant le droit de voter en 2014 vivaient a l'etranger. La diaspora peut etre un veritable enjeu electoral CHAUVET et al.
0%
Anarchie organisée, les organisations qui produisent la politique publique ont des acteurs et des objectifs multiples et parfois contradictoires. "Garbage can model" pour suggerer que la politique publique vient parfois de solutions recyclées, ce qui souligne l'importance des fonctionnaires enracinés dans le systeme pour suggerer certaines politiques recyclées aux ministres plus éphémères COHEN, MARCH, & OLSEN
0%
Des phenomenes qui s'appliquent respectivement aux partis etatsuniens et europeens "Coquilles vides" et "post-cartellisation"
0%
La proportionnelle ne sert pas uniquement a contrer le declin en popularité du parti au pouvoir. Ex. la Norvege, ou la proportionnelle est instauré surtout pour mieux discipliner les candidats COX, FIVA, & SMITH
0%
Etude du "quiet politics," des decisions politiques qui interessent peu le public et sont souvent fait en dehors des institutions officielles. Ex. reglementations autour des acquisitions d'entreprises CULPEPPER
0%
La religion et le vote • un lien fort entre catholicisme et le vote conservateur en France DÉLOYE sur le vote
0%
Les enfants socialisés a la politique dès un jeune age ne partagent pas forcement d'avis politique avec leurs parents, puisqu'ils s'investissent davantage dans la politique et s'exposeront donc a d'autres influences DINAS
0%
Modele du choix rationnel du vote DOWNS
0%
La RRGG (radical right gender gap), une proposition selon laquelle les hommes sont davantages enclins a voter pour l'extreme droite que les femmes, serait en voie de dispariation en France DUROVIC & MAYER
0%
Un lien entre type de scrutin et resultats. 1) proportionnel → partis multiples, rigides, independantes, stables // 2) uninominal majoritaire 2 tours → partis multiples, souples, dependantes, relativement stables // 3) uninominal majoritaire 1 tour → bipartisme DUVERGER
0%
Critique de MICHELS → les partis americains manquent de leadership / oligarchie partisane bien defini, etant plutot fragmentés par region. ELDERSVELD
0%
Role des femmes dans la democratisation en Amerique latine. Ex. Madres de plaza de Mayo, qui manifestaient contre les disparitions forcées de la dictature en Argentine depuis 1977 ESPINAL & ZHAO
0%
Les entrepreneurs de cause font du naming, blaming, et lemming (action revendicative) FELSTINER, ABEL, & SARAT
0%
l'inverse de l'etude de SCHULZ et al. se produit dans les pays scandinaves FJELSTAD & MIKKELSEN
0%
Explication de la mobilisation par le SES. Importance de l'identification subjective aux classes defavorisés (meme si la realité objective est autre) dans le soutien des mobilisations sociales GUIGNI & GRASSO
0%
Un decalage entre biens obtenus objectivement et attentes subjectives. Ex. attente de trouver un bon travail apres diplomation, mais finir au chomage. Ex. Y'en a marre, mouvement senegalais contestataire du gouvernement, exprimant la frustration chez les jeunes, qui font face a l'aggravation de leur situation economique et protestent la corruption du gouvernement et la mise sous tutelle par des organisations internationales GURR
0%
"Entrepreneurs de cause" qui definissent et cadrent une certaine cause pour la passer du cadre privé au cadre public. Ex. Anti-Saloon League et aboutissement du mouvement avec le 18e amendment GUSFIELD
0%
Ajouttent a l'approche Marxiste → depuis Marx, d'autres manieres de concevoir le lien entre politiques publiques et differentes formes de capitalisme HALL & SOSKICE
0%
Meme si les politiques publiques rentrent la plupart du temps dans plusieurs des categories de LOWI, ses categories peuvent etre utiles pour penser aux transformations generales dans l'etat : pol. reglementaire et etat regalien // pol. distributive et etat-nation // pol. redistributive et etat-providence // pol. procedurale et entités regulatrices HASSENTEUFEL
0%
"Non-problemes," des choses qui fonctionnent mal dans la société mais qui ne sont pas jugés assez importants pour faire partie du debat public. Ex. pollution, qui existe depuis la revolution industrielle mais n'est un probleme politique que depuis les annees 1970 HENRY
0%
Notion de sortie, de loyauté, et de prise de parole, tous des manieres d'exiger du changement (la menace de sortir ou le fait de prendre parole contre qqchose, contré en partie par le sentiment de loyauté) HIRSCHMAN
0%
"Issue entrepreneurship" → des nouveaux partis mobilisent et imposent de nouveaux enjeux dans le debat public, avec l'espoir d'en devenir les proprietaires de l'enjeu a travers un mecanisme de "issue ownership" HOBOLT & DE VRIES
0%
s'accordent sur le fait que la plupart des discussions politiques se deroulent au sein de reseaux politiquement homogenes. Divergent sur les effets : pour le premier, les discussions heterogenes promeuvent la connaissance de nouveaux points de vue et augmente la tolerance, alors que pour la deuxieme, la tolerance augmente mais la participation baisse (et vice versa pour des conversations homogenes) HUCKFELDT vs. MUTZ
0%
Les partis politiques etaient inevitables puisqu'ils reconnaissent la diversité des opinions de la société. S'oppose aux theses de HOBBES et de ROUSSEAU, qui affirment que les partis divisent la société HUME
0%
3 caracteristiques majeures : 1) des groupes qui s'estiment marginalisées // 2) une protestation qui joue sur le registre symbolique et s'attaque a des normes dominantes // 3) des revendications qui portent sur l'acquisition ou la defense de droits, sur la representation, et sur la categorisation "Identity politics"
0%
Mobilisation cognitive → l'education facilite le traitement d'information, et donc davantage d'education reduirait l'identification partisane. Critique : l'inverse est parfois observé INGLEHART, et plus tard DALTON & WATTENBERG
0%
Explication de la mobilisation par les emotions. Souvent causés par un "choc moral," qui a 4 criteres : 1) un evenement inattendu // 2) une dimension physique // 3) un jugement du monde en bien et en mal // 4) un effet d'incitation a agir JASPER
0%
Les causes socio-economiques ne seront pas supplantés par les causes identitaires, et souvent les deux se melangent dans le meme mouvement. Ex. Gilets jaunes, combinant revendications de reconnaissance (demande de referendums, demission de Macron) et des revendications socio-economiques (pouvoir d'achat, justice fiscale) JEANPIERRE
0%
Les politiques publiques mettent en jeu des idees et construisent un rapport qui aide a comprendre le monde. Des referentiels globaux qui varient a travers le temps (Ex. la mondialisation pendant les annees gaullistes) JOBERT & MULLER
0%
Equilibre ponctuée, la politique publique est plutot stable, et change seulement rarement de maniere radicale JONES & BAUMGARTNER
0%
"Parti cartel" → les partis se detachent de leur ancrage social pour se rapprocher de l'etat, et dominent la scene politique en empechant de nouveaux partis de se former ou de prendre pied KATZ & MAIR
0%
L'anarchie organisée se produit parce que les problemes sont mal definis, et parce que les decideurs disposent d'une gestion du temps imparfaite. L'emergence d'une nouvelle politique publique se fait a la convergence de trois courants : 1) problem stream (definir les problemes pertinents) // 2) policy stream (propositions, impact budgetaire, acceptabilite sociale) // 3) political stream (lobbying, opinion publique) KINGDON
0%
"Parti attrape-tout" → elargissement de l'electorat visé et dilution iedologique, motivé par l'importance de gagner des elections et rester au pouvoir KIRCHHEIMER
0%
Aux USA, une plus grande proportion de noirs sont emprisonnés que de blancs. Le fait que les anciens prisonniers ne peuvent pas voter peut donc presenter un enjeu racial KORHONEN
0%
Une diminution globale du taux de participation (77% → 67%). Expliqué par 1) davantage d'elections de "second ordre" qui produisent une fatigue electorale et 2) des jeunes electeurs qui se mettent a voter de plus en plus tard KOSTELKA & BLAIS
0%
L'Iran comme cas deviant de la SOP. Une revolution assez imprevisible — le Shah n'etait pas tres affaiblie, une crise economique a cause d'une baisse des prix du petrol mais pas plus importante que les voisins, pas de grande coalition anti-Shah. Explications possibles : perceptions individuelles (plus les gens croyaient que la revolution avait une chance de reussir, plus elles s'engageaient) KUTZMAN
0%
4 criteres pour definir les partis politiques : 1) survivre au depart du fondateur // 2) des organisations au niveau national et local // 3) objectif de conquete du pouvoir // 4) moyen d'action et entreprise de mobilisation. Des criteres que peuvent etre remises en cause (Ex. Renaissance ne respecte pas la 1, ou des partis dans un systeme consociatif comme l'Israel ne respectent pas forcement la 3) LA PALOMBARA & WERNER
0%
Le choix d'instrument utilisé pour mettre en oeuvre une politique publique a un impact important sur ses effets et son efficacité LASCOUMES & LE GALÈS
0%
Modele sociologique de Columbia LAZARSFELD
0%
Les enfants forment des avis politiques a travers un mecanisme de recyclage de traits et de categories symboliques ou de normes sociales ("tel candidat est beau / moche / gros / gentil"). Une maniere d'apprehender la politique propre aux enfants, mais qui est necessairement influencé par les normes sociales aprises des adultes LIGNIER & PAGIS
0%
Une typologie des politiques publiques, selon la contrainte directe / indirecte et l'effet sur l'individu / le groupe. LOWI
0%
Beaucoup de corruption dans les rangs du PCC. Montre que meme les partis hegemoniques ne sont pas des entités monolithiques et sans faiblesses
0%
Classification et etudes de partis basée sur leur niveau d'institutionnalisation (stabilité, competition, et implantation dans la société, mais aussi legitimité et liens entretenus avec groupes d'interet MAINWARING & SCULLY
0%
Il faut reperer l'evenement marquant de la periode pour reperer une generation politique. Exs. chute du mur de Berlin, 9/11, JMLP au 2e tour en 2002, ou meme des evenements locaux MANHEIM
0%
Explication de la mobilisation par la SOP. L'environnement politique façonne l'emergence et la forme prise par les mobilisations — plus le systeme est ouvert, plus le revendications peuvent emprunter des canaux institutionnels et donc moins le revendications seront violentes. 4 criteres pour mesurer l'ouverture d'un systeme : 1) dispositifs institutionnels pour exprimer les revendications // 2) souplesse du systeme partisan pour reagir aux revendications // 3) presence ou absence d'alliés elites ou influents // 4) les strategies de repression utilisés par l'etat McADAM sur la mobilisation
0%
Etude des participants et de postulants a la campagne Freedom Summer en 1964 pour inscrire des electeurs afro-americains pour voter. 20 ans apres, les participants sont en general plus militants et plus a gauche que les postulants, et beaucoup on continué a travailler dans le milieu associatif / militant. McADAM sur la socialisation
0%
Soulignent l'offre de la mobilisation plutot que la demande. Importance des organisations sociales (syndicats, humanitaire, etc.) dans l'organisation des mouvements sociaux McCARTHY & ZALD
0%
Socialisation politique bidirectionnelle, les enfants peuvent aussi influencer la socialisation politique des parents, nottament les enfants d'immigrés, qui bénéficient d'une meilleure comprehension de la langue locale et une socialisation scolaire, et peuvent donc devenir des acteurs importants dans la formation des opinions de leurs parents McDEVITT & CHAFFEE
0%
Bureaucratie et oligarchie partisane inevitable, qui se forme a travers la repartition des taches et donc la specialisation pour perpetuer la continuité du parti comme un fin en soi. Les dirigeants paraissent alors indispensables et les adherents reclament meme leur leadership MICHELS
0%
Etude des syndicats d'enseignants dans les ecoles publiques aux USA, qui causent la resistance des ecoles publiques au tentatives de reforme MOE
0%
Approche par le choix rationnel. Les elus font un arbitrage vote / postes / politiques publiques (maximiser le vote incite a creer des coalitions, ce qui engendrera des exigences de postes par les alliées et influencera la politique publique) MULLER & STROM
0%
Environ 2 tiers des français ont les memes avis politiques que leurs parents, et la filiation familiale est plus importante chez les 18--24 ans, prouvant que les ruptures d'avis politiques s'operent souvent dans la socialisation secondaire. Cependant, les gens se mettent souvent en couple avec des autres du meme bord politique MUXEL
0%
Diminution de l'importance du modele de Michigan pour expliquer le comportement electoral. Maintenant plutot des questions d'enjeu (Ex. guerre au Vietnam ou avortement) NIE, VERBA, & PETROCIK
0%
Importance du degré d'institutionnalisation des organisations, a la fois avec le systeme politique et social environnant et les membres dans leur sein OBERSCHALL
0%
Passagers clandestins OLSON
0%
Critique de HUME → le poids du boss dans le parti (Ex. William Tweed ou Charles Murphy et Tammany Hall) OSTROGORSKI
0%
Reprenant les travaux de WEBER, observent la necessité des partis politiques pour organiser et mobiliser les masses OSTROGORSKI & MICHELS
0%
Il existe plusieurs "generations 68," avec des trajectoires dependantes du niveau d'engagement des parent s PAGIS
0%
La reforme des retraites en France comme un exemple d'une evolution graduelle pour mener des changements radicaux PALIER
0%
Modele genetique des partis. Un typologie de 5 types de partis, mesurée par legitimation interne / externe et fondation par le haut / par le bas. Type 1 → externe / par le haut (PCF) // Type 2 → interne / par le haut (Tories) // Type 3 → externe // par le bas (Labour) // Type 4 → interne // par le bas (CDU) PANEBIANCO
0%
Comparaison des revolutions iranienne et sandiniste (les deux 1979) vs. People Power Revolution (1986). Les deux premieres provoquent un vraie changement dans les systeme, alors que le dernier ne remet pas fondamentalement en cause le pouvoir des elites filipins. Explique la difference par l'intervention du gouvernement dans l'economie, ce qui fait du gouvernement une plus grande cible (Iran, Nicaragua), ainsi que la construction du groupe de resistance — plus elle est large, plus elle a de chances de reussir, donc un fort clivage travailleurs-capitalistes entrave la reussite d'une revolution (Philippines) PARSA
0%
PCC hegemonique et au-dessus des institutions de l'etat // Russie Unie hegemonique mais sous le controle du pouvoir executif // ANC predominant mais aujourd'hui affaibli (ayant perdu sa majorite absolue au parlement en 2024, apres 30 ans de domination) "Partis hegemoniques / predominants"
0%
Des phases dans l'apprehension du politique par les enfants. 1) politisation, l'enfant se rend compte qu'il existe un domaine politique au dela de la famille // 2) personnalisation, les institutions d'etat sont incarnés par des figures éminentes // 3) idealisation, les figures sont bienveillantes // 4) institutionnalisation, les figures se detachent des institutions elles-memes. Une etude ulterieure montre que les enfants français ont des mecanismes de personnalisation et d'idealisation moins forts que les enfants americains PERCHERON
0%
Policy designs, l'attitude la plus repandue envers la politique publique est de faire comme on a toujours fait (approche institutionnelle) PIERSON
0%
L'utilité que le voteur tire du vote est largement symbolique plutot qu'instrumental PIZZORNO
0%
A la fois identification positive a son parti, et rejet des autres partis. Conduit a une polarisation forte, avec non seulement un rejet politique des autres electeurs, mais aussi un rejet moral et social "Polarisation affective"
0%
Les politiques publiques ne relevent pas d'un seul secteur unique. Ex. politique environnementale, qui releve du secteur de l'agriculture, de l'emploi, de l'industrie, de la santé, etc. "Policy networks"
0%
Etude des femmes deportées a Auschwitz, une experience qui force les victimes a se resocialisation completement pour survivre POLLAK
0%
Rajoute aux travaux d'OSTROGORSKI & MICHELS, affirmant que l'avenement des partis remonte plus loin que depuis la democratisation. Deux autres elements : 1) succession a des "protos-partis" comme les cafés ou les salons (rappel : HABERMAS et publicité) // 2) individualisation dans une société pluraliste, avec beaucoup d'opinions differents POMBENI
0%
L'efficacite d'une politique publique dependra des l'efficacite des fonctionnaires qui la mettent en oeuvre. Etude d'une politique publique de $23m qui avait pour but d'embaucher des chomeurs de minorités ethniques, mais qui est extremement inefficace ($4m depensé au final) a cause des fonctionnaires PRESSMAN & WILDAVSKY
0%
Le feminisme et le mouvement ecologiste comme mouvements qui requierent un investissement quotidien da la part des adherents PRUVOST
0%
Etude du PCF, un parti avec un niveau de militantisme exceptionnel, et qui est tellement ancré dans le quotidien de beaucoup de militants qu'il peut meme creer une "contre-société" autour d'elle-meme, incluyant surtout les classes ouvrieres PUDAL
0%
Une personnalisation du vote, qui souligne davantage la personne du candidat que leur parti RENWICK & PILET
0%
"Minimum winning coalition" → la coalition avec le plus petit nombre de partis requis pour former une majorité aura les plus grandes chances de succes. Critiques : neglige les disputes internes au sein de la coalition et les changements de strategie qui en resulte // ne prend pas assez en compte la dimension ideologique et les possibles barrieres a l'alliance au-dela des simples calculs electoraux (Ex. refus d'alliance RN-Reconquete ou cordon sanitaire contre AfD) RIKER
0%
l'isoloir comme symbole de l'autonomie du vote, qui encouragerait au voteur de produire un vote libre de toute influence, autonome, individualisé, et pacifique ROSANVALLON sur le vote
0%
Identification partisane negative, plutot que positive. Une differenciation partisane a travers le rejet des autres partis ROSE & MISHLER
0%
Etude sur les ingenieurs suisses. Leur carriere leur donne une vision technoscientifique du monde, ce qui peut influencer leurs opinions politiques. Le developpement de leurs carrieres vers des positions plus techniques ou plus manageriales peut influencer de nouveau leurs avis SAINSAULIEU, SURDEZ, & ZUFFEREY
0%
"Pork barreling" et exemple au Bresil SAMUELS
0%
le systeme partisan, qui evolue selon les nouveaux partis (meme si ces nouveaux partis ne gagnent pas forcement les elections). Aussi, la polarisation ideologique, caracterisé par des poles ideologiques eloignés et des partis antisystemes qui regroupent 4 caracteristiques : 1) forte distance ideologique entre partis // 2) propension a remettre en cause le parti au pouvoir // 3) volonté de delegitimer le pouvoir par la propagande ou la pression // 4) (auto)exclusion d'alliances. Exs. institutionnalisation du Fianna Fáil, strategie d'adaptation chez le RN, normalisation du discours de l'AfD par CDU ou BSW SARTORI
0%
"Multi-speed membership," des nouvelles formes d'adherence aux partis qui requierent plus ou moins d'implication selon les souhaits des adherents moins militants (adhesion "light," "cyber," ou "followers and friends") SCARROW
0%
Les lycéens en Amerique latine ont des scores plus faibles que la moyenne internationale en termes de connaissances civiques, mais plus élevés en termes d'interet et de vote. SCHULZ et al.
0%
Modele de geographie electorale. Ex. la Vendée SIEGFRIED
0%
Des auto-violences comme les greves de la faim ou l'auto-immolation, souvent un dernier recours pour les plus demunis / faibles. Ex. Thich Quang Duc SIMÉANT-GERMANOS
0%
Existence d'organisations transnationales qui elaborent la politique publique, incluant des acteurs publics et privés. Ex. OMC, ISA (international seabed authority) STONE
0%
Plus longtemps un immigré a acquis le droit de vote, plus il y a de chances qu'il vote. Souvent, la participation electorale vient qu'a la deuxieme generation d'immigrants, montrant que le vote necessite un apprentissage et une certaine socialisation STREET
0%
Les partis politiques se sont souvent engagés pour le suffrage feminin que quand le jeu electoral etait serré et qu'ils croyait que le suffrage feminin leur serait avantageux TEELE
0%
Compare les capitalismes en Allemagne, au Danemark, et aux USA. Une convergence entre les trois, qui ont tous du instaurer des mesures liberales de regulation de marché, mais avec des variations dans les resultats de ces mesures THELEN
0%
Approfondissement de ROSE & MISHLER. Etude des partis que les gens disent qu'ils ne voteront pour en aucun cas. EEV est le moins rejeté (20% ne voteront en aucun cas) tandis que les extremes (Reconquete, RN, LFI) les plus rejetés TIBERJ
0%
Repertoires d'action, des modalités utilisés pour se mobiliser a travers l'histoire, d'une mobilisation plutot locale au XVIIIe siecle a une mobilisation plus nationalisée et ritualisée au XIXe. 3 transformations majeures depuis : 1) l'acceleration de la circulation transnationale (grace en partie aux reseaux sociaux, des modalités d'action partagées entre peuples. Ex. trois doigts des Hunger Games réutilisé en Thailande en 2014, Birmanie en 2021) // 2) elargissement des cibles (auj. marché, capitalisme, etc.) et outils comme boycott // 3) recours a la violence et la perturbation de l'ordre public. Ex. CHAZ de Seattle pour BLM ou insurrection du 6 janv. au Capitole TILLY sur la mobilisation
0%
Role des organisations, qui produisent des dispositifs de sensibilisation. Ex. associations pour la cause animale diffusant des videos de maltraitement animalier dans les abattoirs TRAÏNI
0%
Veto players, des acteurs qui ont la capacité de bloquer la mise en place d'une certaine politique (Ex. NRA) TSEBELIS
0%
Les enfants obeissent d'abord par peur des sanctions, ensuite par maintient de l'ordre, ensuite par adherence a des principes moraux. La perception de la legitimité de la loi depend surtout de son mode d'application, pas des decisions en elles-memes TYLER & TRINKNER
0%
Une typologie de 4 conceptions de la participation politique : 1) participation conventionnelle (Ex. voter) // 2) participation non-conventionnelle (Ex. manifester) // 3) participation communautaire (Ex. s'engager dans une asso) // 4) participation expressive (Ex. consommation engag VAN DETH
0%
Explication de la mobilisation par le CVM. Si les gens se mobilisent, c'est parce qu'on leur a demande de le faire. Les organisations sont donc les principaux moteurs de la mobilisation VERBA, SCHLOZMAN, & BRADY
0%
L'adherence au parti releve plutot des liens d'interet que des liens affectifs (comme la nation) WEBER sur les partis politiques
0%
theorise un renouvellement generationnel vers le postmaterialisme, plus interessé par la flexibilité au travail, la liberté individuelle, et des enjeux environnementaux et identitaires. Cela serait du a des differences de socialisation, par exemple le fait de grandir dans un monde de propserité plutot que de crise economique. Debats : les differences pourraient aussi etre causés par des differences sociales (plus diplomé, moins religieux) WELZEL & INGLEHART sur la socialisation politique
0%
Illusion ecologique → une tendance faussement vue au niveau general, mais qui ne s'observe pas au niveau individuel. Ex. vote Nazi et chomage WELZEL & INGLEHART sur le vote
0%
Une récollection déformée de la periode Nazi par les familles allemandes, pour occulter les liens familiaux avec les nazisme. WELZER, MOLLER, & TSCHUGGNALL
0%
Approche pragmatique. Au contraire d'autres modeles, qui suggerent une stabilité et une prévisibilité, la politique publique est labile et changeante selon les conditions du moment ZITTOUN
0%
No matching quizzes found
Score Distribution
Percent of People with Each Score
Percentile by Number Answered
Your Score History
You have not taken this quiz since the last reset